Behind the scenes of international finance, (Record no. 552027)
[ view plain ]
| 000 -LEADER | |
|---|---|
| fixed length control field | 00542cam a22001811 4500 |
| 082 ## - DEWEY DECIMAL CLASSIFICATION NUMBER | |
| Classification number | 336 |
| Author Mark | EIN |
| 100 1# - MAIN ENTRY--PERSONAL NAME | |
| Personal name | Einzig, Paul, |
| 9 (RLIN) | 49214 |
| 245 10 - TITLE STATEMENT | |
| Title | Behind the scenes of international finance, |
| Statement of responsibility, etc. | by Paul Einzig. |
| 260 ## - PUBLICATION, DISTRIBUTION, ETC. | |
| Place of publication, distribution, etc. | London, |
| Name of publisher, distributor, etc. | Macmillan and co., |
| Date of publication, distribution, etc. | 1932. |
| 300 ## - PHYSICAL DESCRIPTION | |
| Extent | xviii. 154 p. |
| Dimensions | 22 cm. |
| 500 ## - GENERAL NOTE | |
| General note | "First edition, 1931 ; reprinted 1932." |
| 526 ## - STUDY PROGRAM INFORMATION NOTE | |
| Program name | 0 |
| Interest level | 0 |
| Reading level | 0 |
| Title point value | 336_000000000000000_EIN |
| 650 #0 - SUBJECT ADDED ENTRY--TOPICAL TERM | |
| Topical term or geographic name entry element | Economic history |
| 650 #0 - SUBJECT ADDED ENTRY--TOPICAL TERM | |
| Topical term or geographic name entry element | Finance |
| 9 (RLIN) | 13793 |
| 650 #0 - SUBJECT ADDED ENTRY--TOPICAL TERM | |
| Topical term or geographic name entry element | Finance |
| Geographic subdivision | France |
| 9 (RLIN) | 49215 |
| 650 #0 - SUBJECT ADDED ENTRY--TOPICAL TERM | |
| Topical term or geographic name entry element | MCE |
| 9 (RLIN) | 379 |
| 942 ## - ADDED ENTRY ELEMENTS (KOHA) | |
| Source of classification or shelving scheme | |
| Koha item type | Book |
| Withdrawn status | Lost status | Source of classification or shelving scheme | Damaged status | Not for loan | Permanent Location | Current Location | Shelving location | Date acquired | Total Checkouts | Full call number | Barcode | Date last seen | Price effective from | Koha item type |
|---|---|---|---|---|---|---|---|---|---|---|---|---|---|---|
| Military College of Engineering (MCE) | Military College of Engineering (MCE) | 01/06/2015 | 336 EIN | MCE-ECB . 5 | 01/06/2015 | 03/14/2021 | Book |
